000 00980nam a2200229 a 4500
001 60191
003 BD-RjUL
005 20211209080819.0
008 161229s1970 bg ||||| |||| 00| 0 ben d
035 _a(BD-RjUL)60315
040 _aBD-RjUL
_beng
_cBD-RjUL
041 _aeng
082 _223
_a351
_bWAP 1970
100 _aওয়ালডু, ডুইট
_9171024
245 1 0 _aপ্রশাসনের বিভিন্ন পদ্ধতি /
_cডুইট ওয়ালডু ; অনুবাদক : যাহিদ হোসেন
260 _aঢাকা :
_bন্যাশনাল ইনষ্টিটিউট ওব পাবলিক এডমিনিষ্ট্রেশন,
_c১৯৭০
300 _a[১০], ৭০ পৃ. ;
_c২৩ সেমি.
650 _aজনপ্রশাসন
_9173188
650 _aPublic administration
_9174881
700 _aহোসেন, যাহিদ, অনুবাদক
_9170514
942 _2ddc
_cBK
999 _c60191
_d60191